Εγχειρίδιον υγιεινής
Αποθηκεύτηκε σε:
| Κύριος συγγραφέας: | |
|---|---|
| Μορφή: | Βιβλίο |
| Γλώσσα: | Greek |
| Δημοσίευση: |
Εν Αθήναις :
Πυρσός,
1928.
|
| Έκδοση: | 4η έκδ. |
| Θέματα: | |
| Ετικέτες: |
Προσθήκη ετικέτας
Δεν υπάρχουν, Καταχωρήστε ετικέτα πρώτοι!
|
MARC
| LEADER | 00000cam a2200000 i 4500 | ||
|---|---|---|---|
| 001 | 1/96544 | ||
| 008 | 081104s1928 gr | ||| |||| ||gre|| | ||
| 035 | |l 10101381 | ||
| 040 | |a GR-MY-UA |b gre |e aacr | ||
| 041 | 0 | |a gre | |
| 082 | 0 | |a 613 |2 (22) | |
| 100 | 1 | |a Σάββας, Κωνσταντίνος Γ., |d 1861-1929. | |
| 245 | 1 | 0 | |a Εγχειρίδιον υγιεινής / |c υπό Κωνστ. Σάββας. |
| 250 | |a 4η έκδ. | ||
| 260 | |a Εν Αθήναις : |b Πυρσός, |c 1928. | ||
| 300 | |a ή, 552 σ. : |b εικ. ; |c 24 εκ. | ||
| 506 | 1 | |a Μόνο για ανάγνωση. |c Βρίσκεται σε ειδικό ράφι. Διαθέσιμο εάν ζητηθεί. | |
| 650 | 0 | 0 | |a Health. |
| 650 | 0 | 0 | |a Hygiene. |
| 852 | |a INST |b LESVOS |e 20081104 |h 613 ΣΑΒ |p 005100043386 |q 005100043386 |t BK |y 0 | ||
| 901 | |a BIBL1-2008-3 | ||
| 970 | |a ΚΑΡΑ |b ΓΙΑΣΕΜΗ |z 2008/11/04 | ||